Constitución Política del Estado de Guerrero : actualizada con las reformas publicadas el 6 de mayo de 2008 /

Colección de compilaciones formadas por la Constitución, la ley electoral y, en algunos casos, otros instrumentos de derecho electoral de cada una de las 32 entidades federativas de la República Mexicana. El presente volumen corresponde a las publicaciones de la colección editadas en 2010 y reúne la...

Бүрэн тодорхойлолт

-д хадгалсан:
Номзүйн дэлгэрэнгүй
Байгууллагын зохиогч: Guerrero
Формат: Ном
Хэл сонгох:испани
Хэвлэсэн: México : Tribunal Electoral del Poder Judicial de la Federación, 2010, c2010
Хэвлэл:3a edición
Цуврал:(Legislaciones 2010)
Нөхцлүүд:
Шошгууд: Шошго нэмэх
Шошго байхгүй, Энэхүү баримтыг шошголох эхний хүн болох!

MARC

LEADER 00000nam^a2200000^a^4500
001 000317928
005 20250521000000.0
009 20260310113359.05
020 |a 978-607-708-009-1 
025 |a Donación María del Mar Enríquez Domínguez, 1 ejemplar 
037 |a Acervo ITESO - Biblioteca 
041 |a ESP 
082 |a 348. 72  |b LEG GRO 2010 
110 |a Guerrero 
240 1 1 |a [Constitución. 1917] 
240 1 1 |a [Constitución Política del Estado de Guerrero] 
240 1 1 |a [Ley Electoral del Estado de Guerrero] 
240 1 1 |a [Ley Electoral] 
245 1 0 |a Constitución Política del Estado de Guerrero :  |b actualizada con las reformas publicadas el 6 de mayo de 2008 / 
250 |a 3a edición 
264 4 |a México :  |b Tribunal Electoral del Poder Judicial de la Federación,  |c 2010, c2010 
300 |a 566 p. 
336 |a texto  |b txt  |2 rdacontenido 
337 |a sin mediación  |b n  |2 rdamedio 
338 |a volumen  |b nc  |2 rdasoporte 
440 1 |a (Legislaciones 2010) 
520 |a Colección de compilaciones formadas por la Constitución, la ley electoral y, en algunos casos, otros instrumentos de derecho electoral de cada una de las 32 entidades federativas de la República Mexicana. El presente volumen corresponde a las publicaciones de la colección editadas en 2010 y reúne las siguientes leyes del estado de Guerrero (entre paréntesis es anotada la fecha de su actualización más reciente): 1) Constitución Política (2008), 2) Ley de Instituciones y Procedimientos Electorales (2010), 3) Ley del Sistema de Medios de Impugnación en Materia Electoral (2010) y 4) Ley de Participación Ciudadana (2008). 
649 |a XX 
650 |a Constitución, 1917 -  |z Guerrero -  |x Tema Principal 
650 |a Constituciones Estatales -  |z México 
650 |a Impugnación -  |z Guerrero -  |x Leyes y Reglamentos 
650 |a Impugnación -  |z México -  |x Leyes y Reglamentos 
650 |a Participación Política -  |z Guerrero -  |x Leyes y Reglamentos -  |x Tema Principal 
650 |a Participación Política -  |z México -  |x Leyes y Reglamentos 
650 |a Derecho Electoral -  |z Guerrero -  |x Leyes y Reglamentos -  |x Tema Principal 
650 |a Derecho Electoral -  |z México -  |x Leyes y Reglamentos 
650 |a Derecho Político -  |z Guerrero -  |x Leyes y Reglamentos 
650 |a Derecho Político -  |z México -  |x Leyes y Reglamentos 
650 |a Derecho Constitucional -  |z Guerrero -  |x Leyes y Reglamentos 
650 |a Derecho Constitucional -  |z México -  |x Leyes y Reglamentos 
650 |a Derecho Público -  |z Guerrero -  |x Leyes y Reglamentos 
650 |a Derecho Público -  |z México -  |x Leyes y Reglamentos 
740 0 |a Ley de Instituciones y Procedimientos Electorales del Estado de Guerrero :  |b actualizada con las reformas publicadas el 12 de febrero de 2010 / 
740 0 |a Ley del Sistema de Medios de Impugnación en Materia Electoral del Estado de Guerrero :  |b actualizada con las reformas publicadas el 18 de junio de 2010 / 
740 0 |a Ley de Participación Ciudadana del Estado de Guerrero :  |b publicada el 4 de julio de 2008 / 
910 |a Fondo General 
920 |a Impresos - Libros 
930 |a Colección General 
905 |a 101 
901 |a 0500205315  |b IT1  |c ACC  |i D  |u 20250521 
902 |a https://opac.biblio.iteso.mx/vufind/Record/000317928